LEADER 00784nam0-2200265 --450 001 9910777198203321 005 20240202111325.0 100 $a20240202d1956----kmuy0itay5050 ba 101 0 $aeng 102 $aUS 105 $aa 001yy 200 1 $aPrinciples of fungicidal action$fby James G. Horsfall 210 $aWaltham$cChronica Botanica Company$d1956 215 $aXIX, 279, IV p.$cill.$d24 cm. 225 1 $a<>new series of plant science books$v30 610 0 $aDisinfestanti 676 $a632.9$v20$zita 700 1$aHorsfall,$bJames G.$063980 801 0$aIT$bUNINA$gREICAT$2UNIMARC 901 $aBK 912 $a9910777198203321 952 $aA PAT 1177$b1231/2024$fFAGBC 959 $aFAGBC 996 $aPrinciples of fungicidal action$93873470 997 $aUNINA